000 00396nam a2200157Ia 4500
008 230917s9999||||xx |||||||||||||| ||und||
020 _cPON3.95
040 _e12383
_aMAIN
041 _aEnglish
082 _a301.4442 S58H
100 _aSennett, Richard
245 0 _aHidden enjuries of class
260 _aCambridge
_bCambridge University Press
_c1977
300 _axi, 214 p.
942 _cBK
999 _c208923
_d208923